Paulo Freire: educación y concientización /
| Auteur principal: | |
|---|---|
| Format: | Livre |
| Langue: | espagnol |
| Publié: |
Salamanca :
Sígueme,
1980
|
| Collection: | Pedagogía y sociedad,
10 |
| Sujets: |
MARC
| LEADER | 00000nam a2200000 4500 | ||
|---|---|---|---|
| 008 | 200220b1980 sp ||||| |||| 00| | spa d | ||
| 999 | |c 3885 |d 3885 | ||
| 020 | |a 8430108068 | ||
| 090 | |a 06.02.01 |b 2576 | ||
| 100 | |9 4669 |a Torres, Carlos Alberto | ||
| 245 | 1 | 0 | |a Paulo Freire: educación y concientización / |c Carlos Alberto Torres |
| 260 | |a Salamanca : |b Sígueme, |c 1980 | ||
| 300 | |a 269 páginas | ||
| 490 | |a Pedagogía y sociedad, |v 10 | ||
| 600 | 4 | |9 2340 |a FREIRE, PAULO | |
| 650 | 1 | 4 | |9 1 |a EDUCACIÓN |
| 942 | |i 001660 |h 06.02.01 2576 |2 z |c 01 | ||
